Szczegóły MARC21

Credit risk management for Indian banks /

003 -Nazwa inst., której nr kontr. jest w polu 001 [,]
    • @
    • Nazwa instytucji, której n kontrolny jest w polu 001
    • NUKAT
005 -DATA I CZAS OSTATNIEJ MODYFIKACJI [,]
    • @
    • pole kontrolne
    • 20241231085440.0
020 -Międzynarod. znormalizowany nr książki - ISBN [ , ]
    • a
    • Numer ISBN
    • 9788132111023 Find
040 -Instytucja sporządzająca opis [ , ]
    • a
    • Instytucja, która sporządziła opis (NP)
    • SZCZ U/ML
    • c
    • Instytucja, która sporządziła rekord (NP)
    • SZCZ U/ML
    • d
    • Instytucja, która zmodyfikowała rekord (P)
    • SZCZ U/KP
942 -Rodzaj dokumentu [ , ]
    • c
    • Rodzaj dokumentu
    • Książka
100 -Hasło główne - nazwa osobowa [1, ]
    • a
    • Nazwa osobowa (NP)
    • Vaidyanathan, K.
    • 9
    • KHW
    • 89891
245 -Strefa tytułu i oznaczenia odpowiedzialności [1,0]
    • a
    • Tytuł
    • Credit risk management for Indian banks / Find
    • c
    • Pozostałe elementy strefy tytułu i oznaczenia odpowiedzialności (NP)
    • K. Vaidyanathan.
260 -Strefa adresu wydawniczego [ , ]
    • a
    • Miejsce wydania (P)
    • New Delhi:
    • b
    • Nazwa wydawcy (P)
    • SAGE Response,
    • c
    • Data wydania (P)
    • 2013.
300 -Strefa opisu fizycznego [ , ]
    • a
    • Określenie formy książki i/lub objętość (NP)
    • XXV, 352, [7] s., [3] k. tabl. złoż. :
    • b
    • Oznaczenie ilustracji (NP)
    • il. ;
    • c
    • Format (NP)
    • 24 cm.
336 -Typ zawartości [ , ]
    • a
    • Termin opisujący typ zawartości
    • Tekst
    • b
    • Kod określający zawartość
    • txt
    • 2
    • Źródło (terminu i kodu)
    • rdacontent
337 -Typ mediów [ , ]
    • a
    • Tryb odtwarzania
    • Bez urządzenia pośredniczącego
    • b
    • Kod typu mediów
    • n
    • 2
    • Źródło (terminu i kodu)
    • rdamedia
338 -Typ/rodzaj nośnika [ , ]
    • a
    • Hasło opisujące typ nośnika
    • Wolumin
    • b
    • Kod typu nośnika
    • nc
    • 2
    • Źródło (terminu i kodu)
    • rdacarrier
080 -Uniwersalna Klasyfikacja Dziesiętna [ , ]
    • 2
    • Identyfikator wydania tablic
    • UDC-P058
    • 9
    • UKD
    • 2172
    • a
    • Symbol klasyfikacji
    • 005.334
    • b
    • Dopowiedzenie
    • Zarządzanie. Czynniki negatywne. Zarządzanie ryzykiem. Zagrożenia. Kryzys. Niedobór. Konflikty. Reklamacje. Straty.
    • 4
    • UKD2
    • 15605
    • x
    • Poddział wspólny
    • (540)
    • c
    • Dopowiedzenie poddz. wspólnego
    • (Indie. Republika Indii).
    • 4
    • UKD2
    • 7644
    • x
    • Poddział wspólny
    • =111
    • c
    • Dopowiedzenie poddz. wspólnego
    • =Język angielski.
080 -Uniwersalna Klasyfikacja Dziesiętna [ , ]
    • 2
    • Identyfikator wydania tablic
    • UDC-P058
    • 9
    • UKD
    • 3202
    • a
    • Symbol klasyfikacji
    • 336.77
    • b
    • Dopowiedzenie
    • Kredyt. Funkcje ekonomiczne kredytu. Pożyczki.
    • 4
    • UKD2
    • 15605
    • x
    • Poddział wspólny
    • (540)
    • c
    • Dopowiedzenie poddz. wspólnego
    • (Indie. Republika Indii).
    • 4
    • UKD2
    • 7644
    • x
    • Poddział wspólny
    • =111
    • c
    • Dopowiedzenie poddz. wspólnego
    • =Język angielski.
080 -Uniwersalna Klasyfikacja Dziesiętna [ , ]
    • 2
    • Identyfikator wydania tablic
    • UDC-P058
    • 9
    • UKD
    • 3165
    • a
    • Symbol klasyfikacji
    • 336.71
    • b
    • Dopowiedzenie
    • Bankowość. Banki.
    • 4
    • UKD2
    • 15605
    • x
    • Poddział wspólny
    • (540)
    • c
    • Dopowiedzenie poddz. wspólnego
    • (Indie. Republika Indii).
    • 4
    • UKD2
    • 7644
    • x
    • Poddział wspólny
    • =111
    • c
    • Dopowiedzenie poddz. wspólnego
    • =Język angielski.
980 -Symbol UKD [ , ]
    • a
    • UKD
    • 005.334:336.77:336.71](540)=111
710 -Hasło dodatkowe - nazwa ciała zbiorowego [2, ]
    • a
    • Nazwa ciała zbiorowego lub nazwa geograficzna jako pierwszy element (NP)
    • SAGE Publishing.
    • 4
    • Kod relacji
    • pbl
    • 9
    • KHW
    • 55261
920 -ISBN [ , ]
    • a
    • ISBN
    • 978-81-321-1102-3 Find
Data inwentaryzacji Lokalizacja Status udost. Numer inwentarzowy Sygnatura
2014-06-12T-2T.17467T.17467